000 01169cam a2200313 a 4500
001 37726
003 BD-RjUL
005 20211209052636.0
008 150328s2008 bg gl 001 0 beno
020 _z98484660133
035 _a(BD-RjUL)37830
040 _aDLC
_cDLC
_dDLC
_dBD-RjUL
_bben
041 0 _aben
082 _221
_a341
_bALS 2008
100 _aআলম, এম. শাহ
_9116424
245 _aসমকালীন আন্তর্জাতিক আইন /
_cএম. শাহ আলম
246 1 _aShomokalin antorjatik ain
246 1 _aContemporary international law
250 _a২য়. সং.
260 _aঢাকা :
_bনিউ ওয়ার্সী বুক কর্পোরেশন,
_c২০০৮.
300 _a২৬, ৪৩৮ পৃ.;
_c২৫ সেমি.
500 _aIncludes index.
520 _aSubject compilation and articles on international laws as applicable to Bangladesh.
650 0 _aআন্তর্জাতিক আইন
_9116427
650 0 _aInternational law
_9116425
650 0 _aInternational law
_zBangladesh.
_9116426
942 _2ddc
_cBK
_013
999 _c37726
_d37726